| 000 | 01015nam a2200229Ii 4500 | ||
|---|---|---|---|
| 003 | JO-AjNU | ||
| 008 | 230605s9999||||xx |||||||||||||| ||und|| | ||
| 017 | _a2013/8/2828 | ||
| 020 | _a978-9957-16-841-4 | ||
| 040 |
_aJO-AjNU _bara _erda _cJO-AjNU |
||
| 041 | _aara | ||
| 050 | 1 | 4 | _aKMM49.U82 2014 |
| 100 | 3 |
_aالعتيبي، جهاد صالح, _eauthor _959629 |
|
| 245 | 0 | 0 | _aالقواعد القضائية في شرح القانون المدني: آثار العقد. الادارة المنفردة =Judicial Rules in Explaining The Civil Law:Contract Impacts.The Individual Will، الجزء الثالث |
| 250 | _aالطبعة الاولى | ||
| 264 | 3 | 1 | _aعمان: دار الثقافة للنشر والتوزيع، 2014 |
| 300 |
_aج3: 735ص _b ويحتوي على قائمة مراجع |
||
| 336 |
_atext _btxt _2rdacontent |
||
| 337 |
_aunmediated _bn _2rdamedia |
||
| 338 |
_avolume _bnc _2rdacarrier |
||
| 650 | 4 |
_aالقانون المدني-اصول المحاكمات-الاردن _959630 |
|
| 999 |
_aA26843 _c30411 _d30411 |
||